Routledge International Handbook of Ignorance Studies.

Once treated as the absence of knowledge, ignorance has now become a highly influential and rapidly growing topic in its own right. This new edition of the seminal text in the field is fully revised and includes new and expanded chapters on a wide range of topics.

Bibliographic Details
Main Author: Gross, Matthias.
Other Authors: McGoey, Linsey.
Format: eBook
Language:English
Published: Milton : Taylor & Francis Group, 2022.
Edition:2nd ed.
Series:Routledge International Handbooks Series
Subjects:
Online Access:Click to View
LEADER 01882nam a22004093i 4500
001 EBC7020070
003 MiAaPQ
005 20231204023226.0
006 m o d |
007 cr cnu||||||||
008 231204s2022 xx o ||||0 eng d
020 |a 9781000582062  |q (electronic bk.) 
020 |z 9780367608064 
035 |a (MiAaPQ)EBC7020070 
035 |a (Au-PeEL)EBL7020070 
035 |a (OCoLC)1333082892 
040 |a MiAaPQ  |b eng  |e rda  |e pn  |c MiAaPQ  |d MiAaPQ 
082 0 |a 306.4/2 
100 1 |a Gross, Matthias. 
245 1 0 |a Routledge International Handbook of Ignorance Studies. 
250 |a 2nd ed. 
264 1 |a Milton :  |b Taylor & Francis Group,  |c 2022. 
264 4 |c Ã2023. 
300 |a 1 online resource (421 pages) 
336 |a text  |b txt  |2 rdacontent 
337 |a computer  |b c  |2 rdamedia 
338 |a online resource  |b cr  |2 rdacarrier 
490 1 |a Routledge International Handbooks Series 
520 |a Once treated as the absence of knowledge, ignorance has now become a highly influential and rapidly growing topic in its own right. This new edition of the seminal text in the field is fully revised and includes new and expanded chapters on a wide range of topics. 
588 |a Description based on publisher supplied metadata and other sources. 
590 |a Electronic reproduction. Ann Arbor, Michigan : ProQuest Ebook Central, 2023. Available via World Wide Web. Access may be limited to ProQuest Ebook Central affiliated libraries.  
655 4 |a Electronic books. 
700 1 |a McGoey, Linsey. 
776 0 8 |i Print version:  |a Gross, Matthias  |t Routledge International Handbook of Ignorance Studies  |d Milton : Taylor & Francis Group,c2022  |z 9780367608064 
797 2 |a ProQuest (Firm) 
830 0 |a Routledge International Handbooks Series 
856 4 0 |u https://ebookcentral.proquest.com/lib/matrademy/detail.action?docID=7020070  |z Click to View